| 000 | 00729nam a2200229 a 4500 | ||
|---|---|---|---|
| 999 |
_c11896 _d11896 |
||
| 001 | 11896 | ||
| 003 | BD-JhCC | ||
| 005 | 20220602134022.0 | ||
| 008 | 201125t2017 bg ||||| |||| 00| 0 ben d | ||
| 020 | _a9789849143239 | ||
| 035 | _a(BD-JhCC)11896 | ||
| 040 |
_aBD-JhCC _dBD-JhCC |
||
| 041 | _aben | ||
| 082 |
_a891.44 _bSHA 2017 |
||
| 100 | _aসাহনিক, নাসিম | ||
| 245 |
_aবৈজ্ঞানিক কল্পকাহিনীঃ _bডোপামিন প্রব্লেম / _cনাসিম সাহনিক । |
||
| 260 |
_aঢাকাঃ _bশব্দশৈলী; _c২০১৭. |
||
| 300 |
_a79 p. : _c22 cm |
||
| 650 | _aBengali Fiction | ||
| 942 |
_2ddc _cBK _01 |
||